00280nam a2200121Ia 4500008004100000100001600041245002200057260003400079300000900113650001200122942000700134999001700141190216s9999||||xx |||||||||||||| ||und|| aMoorthy P R 0aMrugasamrakshanam bKerala Bhasha Institutec1970 a231p aZoology cBK c37358d37358